Responses for Show #5123 - Wednesday, December 13, 2006

Contestants

[<< previous game]

Cory Hartman, a pastor from Passaic, New Jersey

Tara Kolden, an editor from Seattle, Washington

Lorraine Mariz, a coffeehouse owner from Ojai, California (whose 1-day cash winnings total $7,198)

[next game >>]

Jeopardy! Round responses

SOUTH AMERICA
STARTS & ENDS WITH W
SHADES OF GREEN
MORE TANGENTIAL ETRUSCAN POTPOURRI
(Alex: Oh, boy, is that complicated!)
PRESIDENTIAL MONOGRAMS
(Alex: We'll give you the monogram, you identify the president. Need the full name.)
MOVIES WITHIN MOVIES
    $200 16
Venezuela

Cory
    $200 26
a window

Tara
    $200 11
olive

Tara
    $200 21
Attila

Cory
    $200 1
John Quincy Adams

Cory
    $200 6
(Lorraine: What is Good Will Hunting 2?)
...
(Alex: You put the "2" in, and that made your response incorrect--it's a sequel to [*].)

Good Will Hunting

Lorraine
Triple Stumper
    $400 17
Peru

Cory
    $400 27
a wheelbarrow

Cory
    $400 12
a mermaid

Cory
    $400 22
Al and Tipper Gore

Tara
    $400 2
(Lorraine: [*]--who is [*]?)

George Herbert Walker Bush

Lorraine
    $400 7
Taxi Driver

Lorraine
    $600 18
(Cory: What is Argentina?)

Chile

TaraCory
    $600 28
The Warsaw Pact

Lorraine
    $600 13
(Cory: What is celery?)
(Tara: What is broccoli?)

asparagus

LorraineTaraCory
    $600 23
hair

Cory
    $600 3
(Lorraine: Who is...)

Martin Van Buren

LorraineTara
    $600 8
Scream

Lorraine
    $800 19
Paraguay

Lorraine
    $2,000 29
to wallow

Lorraine
    $800 14
the Caribbean

Cory
    $800 24
Armour Hot Dogs

Lorraine
    $800 4
William Howard Taft

Tara
    $800 9
Barton Fink

Lorraine
    $1000 20
Uruguay

Cory
    $1000 30
widow

Cory
    $1000 15
sage

Cory
    $1000 25
Henry James

Triple Stumper
    $1000 5
(Lorraine: Who is Chester A. Arthur?)
(Alex: I need the full name.)
(Lorraine: Chester Albert Arthur?)

Chester Alan Arthur

Lorraine
Triple Stumper
    $1000 10
The Shawshank Redemption

Cory

Scores at the first commercial break (after clue 15):

Lorraine Tara Cory
$1,000 $1,000 $2,800

Scores at the end of the Jeopardy! Round:

Lorraine Tara Cory
$5,200 $2,200 $6,000

Double Jeopardy! Round responses

AMERICAN ARTISTS
CONAN O'BRIEN
I THINK I'VE HEARD OF "M"
FROM THE LATIN
100,000 REASONS
PLAYS WITHIN PLAYS
    $400 11
(Frederic) Remington

Lorraine
    $400 16
The Simpsons

Cory
    $400 21
the Marlboro Man

Lorraine
    $400 3
a vacation

Tara
    $400 26
maps

Cory
    $400 1
The Producers

Lorraine
    $800 12
Georgia O'Keeffe

Lorraine
    $800 17
Andy Richter

Cory
    $800 22
Arthur Miller

Cory
    $800 4
escape

Cory
    $800 27
a tsunami

Cory
    $800 2
Man Of La Mancha

Cory
    $1200 13
(Cory: Who is John Singer Sargent?)

Mary Cassatt

TaraCory
    $1200 18
Triumph

Cory
    $1200 23
Marconi

Lorraine
    $1200 5
arboreals

Cory
    $1200 28
Sanskrit

Lorraine
    $1200 8
The Seagull

Lorraine
    $1,500 14
(Tara: [Long pause] Who is Kahlo?)
(Alex: No, she was a woman, she was old--[*].)

Grandma Moses

Tara
    $1600 19
Finland

Triple Stumper
    $1600 24
(Andrew) Mellon

Cory
    $1600 6
extemporaneous

Lorraine
    $1600 29
(Lorraine: What are electric... power plants?)

radio stations

Lorraine
Triple Stumper
    $1600 9
A Midsummer Night's Dream

Cory
    $2000 15
(Cory: Who is Grant Wood?)

(Thomas Hart) Benton

LorraineCory
    $2000 20
the Groundlings

Tara
    $2000 25
Molotov

Cory
    $1,000 7
(Lorraine: Is it [*]? What is [*]?)
(Alex: You are correct! [Applause] And you would have been correct if you had said "Is it [*]?", which you did. Either way.)

cuneiform

Lorraine
    $2000 30
prime numbers

Triple Stumper
    $2000 10
(Lorraine: What is Edwin Drood?
(Alex: Need more than that.)
(Lorraine: What is [*]?
(Alex: That's it, yes, the full title.)

The Mystery Of Edwin Drood

Lorraine

Scores at the end of the Double Jeopardy! Round:

Lorraine Tara Cory
$15,800 $4,300 $15,200

[wagering suggestions for these scores]

Final Jeopardy! Round responses

UNIVERSITY GEOGRAPHY
(Alex: [As Cory's response is revealed] He came up with [*], because he knew that's where Notre Dame is located, and that's the school.)
TaraWhat is Illinois?
$1,000
CoryWhat is Indiana?
$14,000
LorraineWhat is Virginia
$15,199
Indiana

Final scores:

Lorraine Tara Cory
$601 $3,300 $29,200
3rd place: $1,000 2nd place: $2,000 New champion: $29,200

Game dynamics:

Coryat scores:

Lorraine Tara Cory
$15,600 $5,800 $15,200
20 R
(including 2 DDs),
4 W
9 R,
2 W
(including 1 DD)
24 R,
4 W

Combined Coryat: $36,600

[game clues] [game scores] [suggest correction]

Game tape date: 2006-10-18
The J! Archive is created by fans, for fans. Scraping, republication, monetization, and malicious use prohibited; this site may use cookies and collect identifying information. See terms. The Jeopardy! game show and all elements thereof, including but not limited to copyright and trademark thereto, are the property of Jeopardy Productions, Inc. and are protected under law. This website is not affiliated with, sponsored by, or operated by Jeopardy Productions, Inc. Join the discussion at JBoard.tv.